000 01025cam a22003137a 4500
003 CHAP
005 20220329140544.0
008 971013s1941 r 00010 d
010 _a53843
011 _a54815
035 _a58967
040 _cCHAP
082 _a338.17318
_bW52
100 0 0 _aWickiser, Vernon Dale.
_9121818
245 1 4 _aThe rice economyu of Monsoon Asia
260 _aStanford :
_bFood Research Institute,
_c1941
300 _a358 p.
_b: ilus.
590 _aBATCH-UPD
_b10
_c20130110
_lUCH01
_h2134
590 _aBATCH-UPD
_b10
_c20130410
_lUCH01
_h1443
590 _aBATCH-UPD
_b10
_c20130914
_lUCH01
_h2119
590 _aCONVERSION
_b10
_c20130109
_lUCH01
_h1329
650 1 4 _aArroz
_xAspectos económicos.
_97562
700 0 _aBennett, Merrill K.
_911615
901 _aBK
942 _cLIBRO
949 _a338.17318 W52
_bBC
_cBPA
_d-127727
_eBPA
_h5696
_i58967
_si
949 _a338.17318 W52
_bBC
_cBPA
_d-127728
_eBPA
_fc.2
_h5697
_i58967
_si
949 _a338.17318 W52
_bBC
_cBPA
_d-127729
_eBPA
_fc.3
_h5698
_i58967
_si
999 _c53843
_d53843